00474nam a2200157Ia 450000100060000000800410000602000180004704000130006508200230007810000150010124501000011626000480021630000110026454600070027565000340028244216140428s9999 xx 000 0 und d a9780195477030 cPK-LaUMT a 320.954914bLUB-A aLubna Saif aAuthoritarianism and underdevelopment in Pakistan 1947-1958bthe role of the PunjabcLubna Saif aOxford,USA:bOxford University Press,c2010 a262 p. aEN aPakistan-Economic development